Economic analysis of environmental policy and regulation / (Record no. 11669)

000 -LEADER
fixed length control field 00519fam a2200193 a 4500
020 ## - INTERNATIONAL STANDARD BOOK NUMBER
ISBN 0471000841
040 ## - CATALOGING SOURCE
Transcribing agency DLC
082 00 - DEWEY DECIMAL CLASSIFICATION NUMBER
Classification number 363 WIL 1995 A016 Or.
100 1# - MAIN ENTRY--AUTHOR NAME
Personal name Arnold, Frank S.
245 10 - TITLE STATEMENT
Title Economic analysis of environmental policy and regulation /
250 ## - EDITION STATEMENT
Edition statement 1st ed.
260 ## - PUBLICATION, DISTRIBUTION, ETC. (IMPRINT)
Place of publication New York :
Name of publisher Wiley,
Year of publication 1995.
300 ## - PHYSICAL DESCRIPTION
Number of Pages x, 251 p. :
Other physical details ill ;
Dimensions 24 cm.
650 #0 - SUBJECT ADDED ENTRY--TOPICAL TERM
Topical Term Environmental policy
650 #0 - SUBJECT ADDED ENTRY--TOPICAL TERM
Topical Term Environmental law.
650 #0 - SUBJECT ADDED ENTRY--TOPICAL TERM
Topical Term Environmental policy
650 #0 - SUBJECT ADDED ENTRY--TOPICAL TERM
Topical Term Environmental law
942 ## - ADDED ENTRY ELEMENTS (KOHA)
Koha item type សៀវភៅភាសាអង់គ្លេស
952 ## - LOCATION AND ITEM INFORMATION (KOHA)
Withdrawn status [LOCAL, KOHA] 0
Holdings
Permanent Location Date acquired Koha item type Lost status Shelving location Barcode Current Location Full call number
Library Block A2017-08-04សៀវភៅភាសាអង់គ្លេស A069A06793Library Block A363 WIL 1995 A069 Or.
មជ្ឈមណ្ឌលឯការនៃសាកលវិទ្យាល័យភូមិន្ទកសិកម្មចំការដូង

Powered by Koha